000 00276nam a22001097a 4500
005 20251108175937.0
008 250721s9999 xx 000 0 ara d
100 1 _aمناع, هيثم
245 1 0 _aسلامة النفس و الجسد /
942 _2ddc
_cBK
999 _c146083
_d146083